000 00337nam a2200145Ia 4500
100 _aPigors/Paul & Others
942 _cBK
654 _aPersonal Administration
245 _aReadings in Personal Administration
260 _bMcGraw Hill
_aNewyork
_c1959
082 _a658.31
_bPIG
300 _a554
546 _aENGLISH
999 _c33521
_d33521